000 00649cam a2200217 4500
001 J111732
008 000000n2000 000 0 eng u
035 _a(Sirsi) u111732
245 _aFinancial Services and Markets Act 2000
260 _aLondon
_bSweet & Maxwell
_c2000
300 _a315p.
_c24cm.
490 _aCurrent Law Statutes
520 _aView at www.legislation.hmso.gov.uk.
650 _aFINANCE
650 _aINVESTMENT
650 _aBANKING
650 _aINVESTMENT COMPANIES
690 _aLAW
856 _uhttps://www.legislation.hmso.gov.uk/acts/acts2000/20000008.htm
_zView the Act on the HMSO website...
942 _n0
999 _c101284
_d101284